Ensayos sobre teoría contable II: aspectos formales, problemas de registración y exposición contable. Aspectos intrínsecos, de valuación

Guardat en:
Dades bibliogràfiques
Autor principal: Biondi, Mario
Format: Llibre
Idioma:espanyol
Publicat: Buenos Aires Macchi 1973
Col·lecció:Ciencias Económicas
Matèries:
Etiquetes: Afegir etiqueta
Sense etiquetes, Sigues el primer a etiquetar aquest registre!

MARC

LEADER 00000nam a2200000 a 4500
001 UCR9838
003 CL-VaPUC
005 20230316074339.0
008 980619e19730000AG |||||||||||||||||spa|d
999 |c 271014  |d 271012 
040 |c Pontificia Universidad Católica de Valparaíso 
082 0 4 |a 657 BIO 1973  |2 21 
100 0 |a Biondi, Mario  |9 412773 
245 1 0 |a Ensayos sobre teoría contable II: aspectos formales, problemas de registración y exposición contable. Aspectos intrínsecos, de valuación 
260 |a Buenos Aires  |b Macchi  |c 1973 
300 |a 116 páginas 
490 0 |a Ciencias Económicas 
583 |a last modification  |c 19980619 00:00:00  |k Rodrigo Vera 
650 0 |a Contabilidad   |9 261430 
650 0 |a Administración financiera  |9 261146 
650 0 |a Auditoría  |9 307008 
650 7 |a SEGUROS  |2 CL-VaPUC  |9 412774 
650 0 |a Costos   |9 261063 
650 7 |a GANANCIAS  |2 CL-VaPUC  |9 307105 
650 0 |a Estados de cuentas  |9 352305 
650 0 |a Derecho comercial   |9 256340 
942 |c BK  |2 ddc 
945 |d 19980619 00:00:00  |a cmena 
952 |0 0  |1 0  |2 ddc  |4 0  |6 657_000000000000000_BIO_1973  |7 0  |8 A  |9 305498  |a BIBGIM  |b BIBGIM  |d 2019-11-20  |i 1422138  |o 657 BIO 1973  |p 1422138  |r 2025-01-15  |t 1  |w 2019-11-20  |y BK  |k COM